01382nam a2200337Ia 4500001001200000003000800012006001900020007001500039008004100054015001500095020002100110040002100131035002100152050002400173082002000197100002600217245016300243260003600406300001500442504005300457533015200510650004000662650003800702650003700740650005200777655002900829700002600858710001700884856012600901999001701027ebr10057405CaPaEBRm u cr cn|||||||||020729s2002 enk sb 001 0 eng d aGBA2-V9953 z0333802292(pbk.) aCaPaEBRcCaPaEBR a(OCoLC)22811342414aRT86.4b.H84 2002eb04a362.17309412211 aHughes, David,d1950-10aNursing and the division of labour in healthcareh[electronic resource] /cDavina Allen and David Hughes with Sue Jordan, Morag Prowse and Sherrill Snelgrove. aBasingstoke :bPalgrave,c2002. axi, 233 p. aIncludes bibliographical references and indexes. aElectronic reproduction.bPalo Alto, Calif. :cebrary,d2009.nAvailable via World Wide Web.nAccess may be limited to ebrary affiliated libraries. 0aNurse and physicianzGreat Britain. 0aNursingxPracticezGreat Britain. 0aNursing serviceszGreat Britain. 0aHospitalszGreat BritainxSociological aspects. 7aElectronic books.2local1 aAllen, Davina,d1963-2 aebrary, Inc.40uhttp://site.ebrary.com/lib/rucke/Doc?id=10057405zAn electronic book accessible through the World Wide Web; click to view c71707d71707